Normal view
MARC view
- Republican Party (U.S. : 1854- )
Entry Corporate Name
001 - CONTROL NUMBER
- control field: 8289
003 - CONTROL NUMBER IDENTIFIER
- control field: NUST
005 - DATE AND TIME OF LATEST TRANSACTION
- control field: 20180111140732.0
008 - FIXED-LENGTH DATA ELEMENTS
- fixed length control field: 180111|| aca||aabn | a|a d
040 ## - CATALOGING SOURCE
- Original cataloging agency: NUST
- Transcribing agency: NUST
110 ## - HEADING--CORPORATE NAME
- Corporate name or jurisdiction name as entry element: Republican Party (U.S. : 1854- )
670 ## - SOURCE DATA FOUND
- Source citation: Work cat.: (NUST)0: Dean, John W. (John Wesley), 1938- 8288, Broken government :, 2007.
